|
|
|
|
| LEADER |
00000nam0a2200000 4500 |
| 001 |
153525 |
| 005 |
20231101221709.0 |
| 035 |
|
|
|a (RuTPU)RU\TPU\book\166554
|
| 090 |
|
|
|a 153525
|
| 100 |
|
|
|a 20090213d1957 m y0rusy50 ca
|
| 101 |
0 |
|
|a rus
|
| 102 |
|
|
|a RU
|
| 105 |
|
|
|a a z 001zy
|
| 200 |
1 |
|
|a Полное собрание сочинений
|e в 8 т.
|f У. (В.) Шекспир
|g под общ. ред. А. А. Смирнова и А. Аникста; гравер А. Гончаров
|
| 210 |
|
|
|a Москва
|c Искусство
|d 1957-
|
| 700 |
|
1 |
|a Шекспир
|b У. (В.)
|c английский драматург
|c поэт
|f 1564-1616
|g Уильям (Вильям)
|2 stltpush
|3 (RuTPU)RU\TPU\pers\4951
|9 1051
|
| 702 |
|
1 |
|a Смирнов
|b А. А.
|g Александр Александрович
|4 340
|
| 702 |
|
1 |
|a Аникст
|b А.
|4 340
|
| 702 |
|
1 |
|a Гончаров
|b А.
|4 350
|
| 801 |
|
1 |
|a RU
|b 63413507
|c 20090213
|g PSBO
|
| 801 |
|
2 |
|a RU
|b 63413507
|c 20090213
|g PSBO
|
| 942 |
|
|
|c BK
|